| 000 | 00751nam a2200241 a 4500 | ||
|---|---|---|---|
| 005 | 20220527131539.0 | ||
| 008 | 991125s1995 mx 000 0 spa u | ||
| 020 | _a9681635787 | ||
| 035 | _aUPN01000033896 | ||
| 040 |
_aMx-MxUPN _bspa _cMX-MxUPN |
||
| 050 | 4 |
_aQ111 _bC5 no.105 |
|
| 100 | 1 |
_aAboites, Hugo _940586 _eautor |
|
| 245 | 1 | 3 |
_aEl láser / _cVicente Aboites. |
| 260 |
_aMéxico : _bSecretaría de Educación Pública : _bFondo de Cultura Económica : _bConsejo Nacional de Ciencia y Tecnología, _c1995. |
||
| 300 |
_a93 páginas : _bilustraciones |
||
| 490 |
_aLa Ciencia desde México ; _v105 |
||
| 650 | 2 |
_aLáseres _918176 |
|
| 901 | _a153172 | ||
| 902 | _aMCM/ | ||
| 904 |
_aAC _b033896 |
||
| 905 | _aLibro | ||
| 942 |
_2lcc _cLIBRO |
||
| 999 |
_c33896 _d33896 |
||